Ayetler ve sureler arasındaki münasebet (Record no. 1531)

MARC details
000 -BAŞLIK
Sabit Uzunlukta Kontrol Alanı 00794na a2200265 4500
001 - KONTROL NUMARASI
Denetim Alanı 12799
003 - KONTROL NUMARASI IDENTIFIER
Denetim Alanı MIRAKIL
005 - SON İŞLEM TARİHİ VE ZAMANI
Denetim Alanı 20181213154825.0
008 - SABİT-BOY VERİ ELEMANLARI - GENEL BİLGİLER
Sabit Uzunlukta Kontrol Alanı 160831b tu 000 0
020 ## - ULUSLARARASI STANDART KİTAP NUMARASI
Uluslararası Standart Kitap Numarası 9751936845
035 ## - SİSTEM KONTROL NUMARASI
Sistem Kontrol Numarası 12799
040 ## - KATALOGLAMA KAYNAK
Orijinal Kataloglama Ajansı Milas
Kataloglama Dili tur
Metne Dönüştürmek Ajansı TR-AnCHP
082 ## - DEWEY ONLU SINIFLANDIRMA NUMARASI
Sınıflandırma Numarası 297.1229
Ürün Numarası A93 2005
090 ## - SINIFLAMA NUMARASI
Sınıflama Numarası 297.1229 A93 2005
245 ## - BAŞLIK TABLOSU
Başlık Ayetler ve sureler arasındaki münasebet
Sorumluluk Tablosu, Vb hazırlayan Mehmet Faik Yılmaz
260 ## - YAYIN, DAĞITIM, VB
Yayın, Dağıtım, Vb Yeri Ankara
Yayıncı, Dağıtıcı, Vs Adı Diyanet İşleri Başkanlığı
Yayın, Dağıtım, Vb Tarihi 2005
300 ## - FİZİKSEL TANIM
Kapsam iv, 205 s.
Boyutlar 24 sm
490 ## - SERİSİ TABLOSU
Seri Beyanı Kaynak eserler
Hacim / Ardışık Tanımı 33
490 ## - SERİSİ TABLOSU
Seri Beyanı Diyanet İşleri Başkanlığı yayınları
Hacim / Ardışık Tanımı 634
504 ## - KAYNAKÇA VB NOT
Kaynakça Vb Notu Kaynakça ve dizin var.
650 ## - KONU KATMA GİRİŞ - TOPİKAL DÖNEM
Topikal Süreli Veya Coğrafi Ad Giriş Elemanı İslam dini
Genel Alt Bölümü Sureler
650 ## - KONU KATMA GİRİŞ - TOPİKAL DÖNEM
Topikal Süreli Veya Coğrafi Ad Giriş Elemanı İslam dini
Genel Alt Bölümü Ayetler
700 ## - KATMA GİRİŞ - KİŞİSEL İSİM
Kişisel Ad Yılmaz, Mehmet Faik
942 ## - EKLENDİ GİRİŞ ELEMANLARI (KOHA)
Sınıflandırma Veya Raf Düzeni Kaynak Dewey Decimal Classification
Koha Öğesi Türü Books
999 ## - SİSTEM KONTROL NUMARALARI (KOHA)
Koha Biblionumber 1531
Koha Biblioitemnumber 1531
Holdings
Kalıcı Konum Mevcut Konum Edinme Tarihi Edinim Kaynak Toplam Check-Out'Lar Tam Çağrı Numarası Barkod Tarih Son Görülme İtibaren Geçerli Fiyatlar Koha Öğesi Türü
CHP Kütüphanesi CHP Kütüphanesi 08/02/2016 Bağış   297.1229 A93 2005 000340 08/02/2016 08/02/2016 Books